| 000 | 00527nam a2200157 i 4500 | ||
|---|---|---|---|
| 001 | 115608 | ||
| 003 | ES-MaACL | ||
| 005 | 20230906190517.0 | ||
| 007 | t| | ||
| 008 | 070416s1965 sp ||||1| baq d | ||
| 245 | 0 | 0 |
_aFilosofiaren kondaira. _nI, _pSokrate aurrea, len Eskolastika, Espinoza, Bergson / _cJakin, taldearen ardurapean. |
| 260 |
_aOñati, Gipuzkoa : _bEditoria Franciscana Aranzazu, _c1965. |
||
| 300 |
_a143 p. ; _c20 cm. |
||
| 650 | 4 |
_aFilosofía- _vHistoria. _9158248 |
|
| 852 |
_aES-MaACL _jP-869-ter _bR.58139 |
||
| 999 |
_c115608 _d115608 |
||